00918nam a2200241 a 45000010005000000030005000050050017000100080041000270200015000680400020000831000029001032450100001322460105002322600034003374900017003716500036003886500066004246500026004906500038005169420013005549990015005679520094005821903CDMR20131210125401.0130130s1981||||||||||||||||||||||||||||d a8425210593 aCDMRbcatcCDMR1 aHamelink, Cees Jan9142013aLa aldea transnacionalb: el papel de los trusts en la comunicación mundialcCees J. HAmelink aThe Corporative Villageb: the role of the transnational corporations in international communication aBarcelonac1981bGustavo Gili0 aGG MassMedia0494123aConcentració industrial0493178aMitjans de comunicació de massaxAspectes econòmics0493350aGlobalització0492190aComunicació internacional cMON2udc c1903d1903 00104070aCDMRbCDMRd2013-01-16l0oCm 1/24pCDMR13119877r2013-01-16w2013-01-16yMON